000 00749nam a22002417a 4500
003 UA-OsUOA
001 49911
007 ta
008 20140505b un ||||| |||| 00| 0 ukr d
100 _aОчеретний О.
090 _a82-2
_bО-95
942 _cBK
040 _aUA-OsUOA
_bukr
_cUA-OsUOA
_dUA-OsUOA
245 _aОлена Теліга: шлях із небуття (Драма на чотири дії)
300 _a68 с.
955 _a1
041 _aukr
080 _a82-2
260 _aК.
_bСмолоскип
_c2006
650 7 _a82 Література. Літературознавство
_2UDC
999 _c430032
_d430032